| 000 | 00572nam 22001933 4500 | ||
|---|---|---|---|
| 001 | 199078 | ||
| 010 | _a972-42-0883-5 | ||
| 021 | _b52481/92 | ||
| 090 | _a199078 | ||
| 100 | _a20251117d u||y0pory50 ba | ||
| 200 |
_aEuro Dicionário _eFrancês-Inglês-Alemão-Espanhol-Italiano-Português _fHenri e Monique Goursau |
||
| 210 |
_aLisboa _cCírculo de Leitores _d1992 |
||
| 215 |
_a768 p. _cencadernado _d24 cm |
||
| 606 |
_93131 _aDicionários |
||
| 675 |
_a030 _vPT _zpor |
||
| 700 |
_93513 _aGoursau _bHenri |
||
| 801 |
_aPT _bBMMN _gRPC |
||
| 830 |
_cFernando _dFernando |
||
| 990 | _cLIVROS | ||